000 00707cam a22002294a 4500
001 12870117
005 20250207162036.0
008 020725s2003 paua b 001 0 eng
020 _a0803610122
050 0 0 _aRC440
_b.T693 2003
082 0 0 _a610.73/68
_221
100 1 _aTownsend, Mary C.,
_d1941-
245 1 0 _aPsychiatric mental health nursing :
_bconcepts of care /
_cMary C. Townsend.
250 _a4th ed.
260 _aPhiladelphia :
_bF.A. Davis Co.,
_c2003.
300 _axxx, 957 p. :
_bill. ;
_c29 cm.
650 0 _aPsychiatric nursing.
650 1 2 _aPsychiatric Nursing
_xmethods.
650 2 2 _aMental Disorders
_xnursing.
650 2 2 _aPsychotherapy
_xmethods.
942 _2lcc
_cBK
_e4th ed.
_n0
999 _c3554
_d3554